00994cam a22002411 4500001001300000003000400013005001700017008004100034010001700075035001900092040003800111042001200149050002500161082002700186111008700213245002500300260004900325300006200374490005200436500019000488650004600678650002800724l 43000004 DLC20260227111538.0761110s1942 dcua f100 0 eng  al 43000004  a(OCoLC)2550181 aDLCcArCCAdArCCAdOCoLCdModDLC apremarc00aHV741b.W67 1939-40f a362.706173a362.7063732 aWhite House Conference on Children in a Democracyd(1939-1940 :cWashington, D.C.)10a... Final report ... a[Washington,bU.S. Govt. print. off.,c1942] axxii, 392 p.bincl. illus. (maps) tables, diagrs.c25 cm.0 a[U. S. Children's bureau. Publicationvno. 272 a"Main sources of factual material included in final report": p. 390-392. "Publications of the White House conference on children in a democracy issued by the Children's bureau": p. ii. 0aChild welfarezUnited StatesvCongresses. 0aChild carevCongresses.